|
|
|
|
| LEADER |
00000nam a2200000 a 4500 |
| 001 |
57669 |
| 005 |
20230308170325.0 |
| 008 |
000000|1971 ||||||||r|||||||||||spa|| |
| 040 |
|
|
|b spa
|
| 041 |
1 |
|
|a spa
|
| 082 |
0 |
|
|a 010
|b S682b
|
| 100 |
1 |
|
|a Simón Díaz, José
|9 56097
|
| 245 |
|
|
|a La bibliografía conceptos y aplicaciones
|c José Simón Díaz
|h imp
|
| 264 |
|
|
|a Barcelona
|b Editorial Planeta
|c 1971
|
| 300 |
|
|
|a 136 páginas:
|c 21,5 cm
|
| 650 |
|
4 |
|a Bibliografía
|9 8245
|
| 852 |
|
|
|a UC-CDJBV
|c ESTANTERIA CERRADA
|f Donación
|k lucia.mora
|l 1
|m General
|p 00000000
|r 2
|t 57669
|b 0
|d CDRC
|e CDRC
|g 010 S682b ESTANTERIA CERRADA
|z 0000-00-00
|
| 942 |
|
|
|c BK
|
| 999 |
|
|
|c 32018
|d 32018
|